000 00598nam a2200229Ia 4500
003 OSt
005 20220928111720.0
006 a|||||r|||| 00| 0
007 ta
008 220927b |||||||| |||| 00| 0 eng d
024 _a36520
037 _cTextual
040 _aSDCL
_cSDCL
_beng
041 _2eng
_aeng
082 _aQ25:23x, G3
100 _aAvalon Arthur Ed.
_9396531
245 0 _aSarada-tilaka tantram.
260 _aDelhi
_bMotilal Banarsidass
_c1933
300 _a952p.
_ccm.
942 _hQ25:23x, G3
_cTEXL
_2CC
999 _c741559
_d741559